| 000 | 05365 a2200469 4500 | ||
|---|---|---|---|
| 005 | 20080825172133.0 | ||
| 008 | 080825t xxu||||| |||| 00| 0 hin d | ||
| 010 | _aHIN-83066 B286816-830 | ||
| 020 |
_c175.00 _a8170432200 |
||
| 035 | _aHN-55412 B-286816-830 | ||
| 037 | _bपु.प्र.अ.प्र / प्रका आत्माराम एण्ड सन्ज | ||
| 040 |
_adpl _bHN |
||
| 082 | _aउ | ||
| 100 | _aहरमन हेस | ||
| 245 |
_aसिद्धार्थ / _cहरमन हेस; महावीर अधिकारी द्वारा अनुदित |
||
| 246 |
_aSiddhartha _bby Hermann Hesse |
||
| 260 |
_aदिल्ली _bआत्माराम एण्ड संस _c2007 |
||
| 270 |
_a1376, कश्मीरी गेट _bदिल्ली _e110006 _k011- 23946466, 23973082 _matmaram_books @ hotmail. com |
||
| 300 |
_a135पृ _c22 सेमी (सजिल्द) |
||
| 500 | _aनोबेल पुरस्कार-विजेता श्री हरमन हेस कृत 'सिद्धार्थ' का अनुवाद | ||
| 650 | _aहिन्दी उपन्यास | ||
| 650 | _aHindi Novel | ||
| 700 | _aअधिकारी , महावीर | ||
| 942 |
_adpl _cHN _2ddc _hउ _mहरम |
||
| 999 |
_c11594 _d11594 |
||